=LDR 00000nam 2200000 4500 =001 INLIS000000000038599 =005 20130612144250 =008 ***********************************Ind** =035 ##$$0010-061300000038599 =041 ##$$a Ind =082 ##$$a 641.5 =090 ##$$a 641.5, Suw s =100 ##$$a Suwitomo, Siswa =245 ##$$a Steak/ Sisca Suwitomo: Penyunting, Yudho Asmoro =260 ##$$a 2007 $b Jakarta =300 ##$$a 32 hlm., ilus., 25 cm =650 ##$$a Masakan ( Steak ) =700 ##$$a Asmoro, Yudho =850 ##$$a NBPNMAT =990 ##$$a 0001/BPAP-NTB/2016